Statistics for Largest Cities in Friuli-Venezia Giulia

Click here to take the quiz!

General Stats

  • This quiz has been taken 10 times
  • The average score is 6 of 10

Answer Stats

PopulationCity% Correct
200,594Trieste
100%
97,761Udine
86%
33,837Gorizia
71%
51,818Pordenone
71%
29,637Monfalcone
57%
19,982Sacile
57%
15,688Azzano Decimo
43%
15,850Codroipo
43%
17,856Cordenons
43%
15,101San Vito al Tagliamento
43%

Score Distribution

Percentile by Number Answered

Percent of People with Each Score

Your Score History

You have not taken this quiz